| 000 | 00000nam 2200000za 4500 |
| 001 | 9.854380 |
| 003 | CaOODSP |
| 005 | 20221107155041 |
| 007 | cr ||||||||||| |
| 008 | 180327s2018 onck ob f000 0 eng d |
| 020 | |a9780660260044 |
| 040 | |aCaOODSP|beng |
| 043 | |an-cn--- |
| 086 | 1 |aCC172-163/2018E-PDF |
| 245 | 00|aImport and export |h[electronic resource]. |
| 246 | 1 |iAt head of title: |aSafeguards and non-proliferation |
| 250 | |aVersion 2.0. |
| 260 | |aOttawa : |bCanadian Nuclear Safety Commission, |c2018. |
| 300 | |aiv, 38 p. : |bforms. |
| 490 | 1 |aRegulatory document ; |vREGDOC-2.13.2 |
| 500 | |aIssued also in French under title: Importation et exportation. |
| 500 | |aCover title. |
| 500 | |a"April 2018." |
| 504 | |aIncludes bibliographical references (p. 37). |
| 520 | |a"This regulatory document is part of the CNSC's safeguards and non-proliferation series of regulatory documents, which also covers regulatory controls on import and export of prescribed items. Part I of regulatory document REGDOC-2.13.2, Import and Export, sets out the CNSC’s guidance for current and prospective licensees who intend to import or export nuclear and nuclear-related dual-use items, also known as controlled nuclear substances, equipment and information. Part II of regulatory document REGDOC-2.13.2, Import and Export, sets out the CNSC’s guidance for current and prospective licensees who intend to import or export risk-significant radioactive sources"--Preface, p. i. |
| 692 | 07|2gccst|aNuclear technology |
| 692 | 07|2gccst|aRadioactive materials |
| 692 | 07|2gccst|aExports |
| 692 | 07|2gccst|aImports |
| 692 | 07|2gccst|aSafety regulations |
| 710 | 2 |aCanadian Nuclear Safety Commission. |
| 775 | 08|tImportation et exportation |w(CaOODSP)9.854381 |
| 795 | |tImport and export |w(CaOODSP)9.822903 |
| 830 | #0|aRegulatory document (Canadian Nuclear Safety Commission)|vREGDOC-2.13.2.|w(CaOODSP)9.505296 |
| 856 | 40|qPDF|s1.88 MB|uhttps://publications.gc.ca/collections/collection_2018/ccsn-cnsc/CC172-163-2018-eng.pdf |